000 00696nam a22002297a 4500
003 UA-OsUOA
001 137340
007 ta
008 20190513b un ||||| |||| 00| 0 ukr d
100 _aІльїна М.
700 _aШпилова Ю.
090 _a330(477)
_bИ99
942 _cSA
040 _aUA-OsUOA
_bukr
_cUA-OsUOA
_dUA-OsUOA
245 _aРеалізація механізму публічно-приватного партнерства на сільських територіях
300 _aС.13-15
955 _a0
041 _aukr
080 _a330(477)
773 0 _w137338
_tЕкономіст
_dК.
_d2019
_g3
650 7 _a330 Економіка взагалі
_2UDC
999 _c415831
_d415831